LIBRARY & INFORMATION CENTRE, KCAET, TAVANUR

ONLINE PUBLIC ACCESS CATALOGUE (OPAC)

Adventures of Tom Sawyer / (Record no. 5712)

MARC details
000 -LEADER
fixed length control field 00462cam a2200193ua 4500
041 ## - LANGUAGE CODE
Language code of text/sound track or separate title eng
082 ## - DEWEY DECIMAL CLASSIFICATION NUMBER
Classification number 823.303
Item number TWA/AD
100 ## - MAIN ENTRY--AUTHOR NAME
Personal name Twain, Mark .
245 ## - TITLE STATEMENT
Title Adventures of Tom Sawyer /
250 ## - EDITION STATEMENT
Edition statement 1 /
260 ## - PUBLICATION, DISTRIBUTION, ETC. (IMPRINT)
Place of publication London :
Name of publisher J M Dent and Sons Ltd ,
Year of publication 1962.
300 ## - PHYSICAL DESCRIPTION
Number of Pages 243 ; .
942 ## - ADDED ENTRY ELEMENTS (KOHA)
Koha item type Books
Holdings
Withdrawn status Lost status Damaged status Home library Current library Date acquired Full call number Accession Number Koha item type
Withdrawn     KAUAET KAUAET 16/11/2023 823.303 TWA/AD 11120 Books
Withdrawn     KAUAET Sanskrit University 07/04/2012 823.303 5156 Books
Withdrawn     KAUAET Sanskrit University 07/04/2012 823.303 11031 Books
free website counter